K novele zákona o dani z príjmov obsiahnutej v zákone o športe
Stručne k právnej úprave športu v článku I. Novela zákona ZDP. Ilustračné príklady.
Enregistré dans:
| Auteur principal: | |
|---|---|
| Format: | Chapitre de livre |
| Langue: | slovaque |
| Sujets: | |
| Tags: |
Pas de tags, Soyez le premier à ajouter un tag!
|
MARC
| LEADER | 00000naa a2200000 4500 | ||
|---|---|---|---|
| 001 | 0211816 | ||
| 005 | 20160202105828.8 | ||
| 041 | 0 | |a slo | |
| 044 | |a SK | ||
| 245 | 1 | 0 | |a K novele zákona o dani z príjmov obsiahnutej v zákone o športe |c Valéria Jarinkovičová |
| 520 | |a Stručne k právnej úprave športu v článku I. Novela zákona ZDP. Ilustračné príklady. | ||
| 610 | 2 | 0 | |a zákony |
| 610 | 2 | 0 | |a novelizácia |
| 610 | 2 | 0 | |a Slovensko |
| 610 | 2 | 0 | |a šport |
| 610 | 2 | 0 | |a dane z príjmov |
| 100 | 1 | |a Jarinkovičová, Valéria | |